000
00253nam a2200097 a 4500
005
20200929163303.0
008
091126s1997 000 spa d
245
0
_a
Lecciones de derecho constitucional.
260
_a
Santo Domingo,
_c
1997.
999
_c
13228
_d
13228
040
_a
DO-SdBNP